00526nam a2200193Ia 4500003000400000005001700004008004100021020002200062040000700084041000800091082001600099100001700115245008700132260002700219300001600246365001700262650002200279650003100301OSt20230602110212.0210423s2013 xx 000 0 und d a978-1-44731-234-5 cAL aeng a361.61 DEAG aDEACON (Bob) aGlobal social policy in the making: the foundations of the social protection floor aUKbPolicy Pressc2013 axii,218bPB b2636.45cGBP aGovernment Action aSocial Problems & Services